000 00488nam a2200181Ia 4500
008 090124s9999 xx 000 0 und d
082 _b27012
100 _aशेवते अरूण
245 _a राजघाट
250 _a1
260 _bसुरेश एजन्सी
_c1988
300 _a69
600 _aशेवते अरूण
630 _a राजघाट
700 _aशेवते अरूण
730 _a राजघाट
942 _cBOOK
999 _c95687
_d95687